[Event "EU-chT (Men) 17th"]
[Site "Novi Sad"]
[Date "2009.10.23"]
[Round "2"]
[White "Smeets, Jan"]
[Black "Caruana, Fabiano"]
[Result "0-1"]
[WhiteElo "2642"]
[BlackElo "2662"]
[Annotator "Caruana,F"]
[PlyCount "82"]
[EventDate "2009.10.22"]
[EventType "team-swiss"]
[EventRounds "9"]
[EventCountry "YUG"]
[SourceTitle "CBM 133"]
[Source "ChessBase"]
[SourceDate "2009.11.19"]
[SourceVersion "1"]
[SourceVersionDate "2009.11.19"]
[SourceQuality "1"]
[WhiteTeam "Netherlands"]
[BlackTeam "Italy"]
[WhiteTeamCountry "NED"]
[BlackTeamCountry "ITA"]

1. e4 e6 2. d4 d5 3. Nc3 Nf6 4. Bg5 dxe4 5. Nxe4 Nbd7 6. Nf3 h6 7. Nxf6+ Nxf6
8. Be3 {This is a very popular variation. Other possibilities are 8.Bh4 and 8.
Bxf6.} Nd5 {Black pursues the bishop, but simple development is also possible.}
(8... Bd6 9. Bd3 b6 (9... Bd7 10. Qe2 Bc6 11. O-O-O Bxf3 12. Qxf3 c6 {is
another possible strategy.}) 10. Qe2 Bb7 11. O-O-O Nd5 12. Bd2 Nf4 13. Bxf4
Bxf4+ 14. Kb1 O-O 15. h4 Qd5 16. Rhe1 Rad8 17. Qf1 Qa5 18. Be4 Ba6 19. Bd3 Bb7
20. Be4 Ba6 21. Bd3 {, with a draw in Leko=Ivanchuk, Amber rapid 08}) 9. Bd3 ({
Black usually was able to achieve equal play after} 9. Qd2 Bd6 10. O-O-O Qe7
11. Bc4 Nb6 12. Bd3 Bd7 13. c4 c5 14. Ne5 O-O 15. Nxd7 Nxd7 16. Bc2 Rfd8 17.
Qd3 Nf6 18. dxc5 Bf4 19. Qe2 Bxe3+ 20. Qxe3 Rdc8 {, and Black had good play in
Kritz=Shirov, Bundesliga 05}) (9. Bd2 c5 10. Bb5+ Bd7 11. Bxd7+ Qxd7 12. c4 Nb6
13. Rc1 Be7 14. dxc5 Bxc5 15. b4 Be7 16. c5 Nd5 17. Ne5 Qc7 18. Qa4+ Kf8 19.
Nc4 {is a critical position for the entire variation. Leko=Gurevich,
Candidates 07 continued} h5 20. O-O h4 21. h3 Rh5 22. Rfe1 a6 23. Qb3 Rd8 24.
a3 Kg8 25. Rc2 Rf5 {, and Black had a comfortable position.}) 9... Nxe3 10.
fxe3 Bd6 11. e4 c5 {I consider this to be stronger than 11...e5, which leads
to an endgame where White is slightly better, although Black has good chances
to equalise.} (11... e5 12. dxe5 Bc5 13. Bb5+ c6 14. Qxd8+ Kxd8 15. Bc4 Ke7 16.
a4 (16. c3 Rd8 17. a4 a6 18. Ke2 Be6 19. Bxe6 Kxe6 20. Rhf1 Rd7 21. Rad1 Rxd1
22. Rxd1 a5 23. Ne1 Bg1 24. g3 Bb6 25. Nd3 Ke7 26. g4 Rd8 27. Rf1 Bc7 28. h4
Re8 29. h5 Kf8 30. Rf5 {was much better for White in Gashimov=Akobian,09})
16... Be6 17. Bxe6 Kxe6 18. Ke2 Rhd8 (18... Rad8 19. Rad1 Bb6 20. Rd3 Bc7 21.
Rf1 Rhf8 {is a better defence.} 22. Nd4+ Kxe5 23. Rf5+ Kxe4 24. g4 g6 25. Re3+
Kxd4 26. Rd3+ Kc4 27. Rc3+ Kb4 28. Rb3+ $11 {is an entertaining draw.}) 19.
Rhd1 (19. c3 {, as in Gashimov=Akobian, is probably stronger.} a5 20. Ne1 Rd7
21. Nd3 Bb6 22. Rad1 Rad8 23. Rhf1) 19... Bb6 ({I would prefer to trade rooks
immediately with} 19... Rxd1 20. Rxd1 Bb6 21. Ne1 (21. Rd6+ Ke7) 21... Rd8 22.
Rxd8 Bxd8 23. Nd3 b6 $11) 20. Rd3 {, and White was better and eventually won
in Landa=Vaisser,09} Bc7 21. Rf1 {prevents Black from capturing on e5.}) 12. e5
Be7 13. Qe2 {My opponent played this after a long thought. He was obviously
not very familiar with this position.} (13. c3 Bd7 14. O-O Qc7 15. Qe2 Bc6 16.
Rf2 {is another possible setup for White.}) 13... Bd7 14. O-O-O Qc7 {This is
probably the best move order for Black, although 14...Bc6, as in Li Chao=Lysyj,
is also satisfactory.} (14... Bc6 15. Be4 Qc7 16. d5 exd5 17. Bxd5 O-O-O 18. c4
(18. Bxf7 Bxf3 19. Be6+ Kb8 20. gxf3 Bg5+ 21. Kb1 Rhe8) 18... Rhf8 19. Rd3 Kb8
20. Rhd1 Bd7 21. Qe4 f5 22. Qe2 Bc8 23. Re1 Rfe8 24. Rb3 b6 25. g3 g5 26. e6 g4
27. Ne5 Bg5+ 28. Kc2 Rd6 29. Rd3 Bxe6 30. Bh1 f4 31. gxf4 Bf5 32. Qg2 Kc8 33.
fxg5 Rxd3 34. Qa8+ Qb8 35. Qc6+ Qc7 36. Qa8+ {0.5 Li Chao=Lysyj,09}) 15. Bb5 {
A very cautious move. My opponent was taking a lot of time and playing very
harmlessly, which gave me confidence that I might be able to win.} ({In
Bacrot=Akobian, Montreal 09, a similar position to the game was reached:} 15.
Rhf1 O-O-O 16. Kb1 Bc6 17. Be4 Rd7 18. dxc5 Rxd1+ 19. Rxd1 Bxc5 20. Bxc6 Qxc6
21. Ne1 Rd8 22. Nd3 Bd4 23. Rf1 f6 24. exf6 Bxf6 25. Re1 Rd6 26. Qg4 Qb6 27.
Qc4+ Kb8 28. c3 {, with a slight but almost insignificant advantage for White.
The game was drawn after 72 moves.}) 15... O-O-O {There is also nothing wrong
with castling kingside.} (15... O-O 16. Bxd7 Qxd7 17. dxc5 Qc7 $11) 16. Bxd7+
Rxd7 17. dxc5 Rxd1+ ({I also considered} 17... Rhd8 18. b4 b6 {, but abandoned
it due to} 19. Qa6+ Kb8 20. Qb5 $1 {, when I didn't see a satisfactory
continuation for Black.}) 18. Rxd1 Qxc5 19. Rd3 ({Now} 19. Ne1 $5 {, as in the
Bacrot=Akobian game, is possible, but Black shouldn't be worse.} Rd8 20. Nd3
Bg5+ 21. Kb1 Qe3 22. Qxe3 Bxe3 {looks roughly equal.}) 19... Kb8 20. Qe4 Rd8 {
Trading rooks. The position becomes completely equal.} 21. Rxd8+ Bxd8 22. Qh7
Qf8 ({I also calculated} 22... Qf2 23. Qxg7 Bg5+ 24. Kd1 Qf1+ 25. Ne1 {, but
saw no ideas for Black.}) (22... Bg5+ 23. Kb1) 23. Qe4 {Now Black has no
reason to avoid the draw with 23...Qc5 24.Qh7, but my opponent was low on time,
so I decided to continue the game.} Bc7 24. c3 a6 25. Qd4 ({For instance} 25.
Qg4 $5 {, trying to force the g-pawn forward, was quite good.}) 25... f6 {
I took my chance to unbalance the position.} 26. exf6 gxf6 27. Qd7 $6 {The
first risky move, after which White starts to encounter problems.} ({White
could try} 27. Qe4 Qg8 28. g4 {, when Black has nothing better than} f5 29.
gxf5 exf5 30. Qxf5 Qxa2 {, with an inevitable draw.} 31. Qf8+ Ka7 32. Qxh6 $6
Qa1+ 33. Kc2 Qa4+ 34. Kd3 Qb5+) 27... e5 $6 (27... Qg8 28. g3 (28. Nd4 Qg5+ 29.
Kb1 Qg6+ 30. Ka1 Qxg2 $19) 28... e5 {was a better version of the game.}) 28.
Qe6 h5 {A move with a hidden point, which will be revealed in a few moves time.
} (28... Qc5 29. Qxf6 Qe3+ (29... e4 30. Nd4) (29... Qf2 30. Qxh6) 30. Nd2) 29.
Kc2 Qg7 {Now White's problems become more concrete.} 30. g3 ({I had also
calculated} 30. Nh4 Qg5 31. g3 Qe3 {, when it seemed to me that my position
was promising.}) 30... Qg6+ 31. Kb3 Qd3 {Suddenly I felt like I would win! The
position is very sharp, and with very limited time Jan couldn't navigate his
way to safety.} 32. Qxf6 Qd1+ 33. Kc4 $2 (33. Ka3 $1 {was the only way to make
a draw:} a5 (33... Bd6+ 34. b4 Qc1+ 35. Kb3 Qb1+ $11) 34. Nxe5 (34. b3 Qc1+ 35.
Ka4 Qxc3 $19) (34. Qf8+ Ka7 35. Qc5+ Bb6 $19) (34. b4 Qc2 35. Qf8+ Ka7 36. Qc5+
Bb6 37. Qxe5 Qc1+ 38. Kb3 Qd1+ $19) 34... Bd6+ (34... Qd6+ 35. Qxd6 Bxd6+ 36.
Ka4 Bxe5 37. Kxa5) 35. b4 axb4+ 36. cxb4 Qc1+ 37. Kb3 $1 {A move I greatly
underestimated during the game.} ({Instead,} 37. Ka4 Qc2+ 38. Kb5 Qe2+ 39. Nc4
Qe8+ 40. Ka5 Bc7+ 41. Nb6 Ka7 $19 {was the end of my calculations; on the
basis of this variation I considered 33.Ka3 to be losing for White.}) 37...
Qe3+ 38. Ka4 (38. Kc4 $2 Qe4+ 39. Kb3 Qxb4+ 40. Kc2 Qc5+ $19) 38... Qxe5 (38...
Bxe5 39. Qd8+ Ka7 40. Qa5+ $11) 39. Qxe5 Bxe5 40. Kb5 Kc7 41. a4 $11 {, with
an easy draw, a fact which I hadn't understood over the board.}) 33... Qa4+ (
33... b5+ 34. Kc5) (33... Bd6 34. Nd4) 34. b4 (34. Kd5 Qxa2+ {should be slowly
but surely losing for White.}) 34... Qxa2+ {A move played too quickly in my
opponent's time trouble.} (34... e4 $1 {was more accurate and seems to win on
the spot.} 35. Nd4 (35. Qh8+ Ka7 36. Qd4+ Bb6 37. Qxe4 Qxa2+ 38. Kd3 Qb1+ $19)
35... Qxa2+ 36. Kc5 b6+ 37. Kc6 Qc4+ 38. Kd7 Qd5+ 39. Ke8 e3 $19) 35. Kd3 Qb1+
36. Kd2 (36. Ke3 Qc2 $19 (36... e4 37. Ne5)) 36... e4 37. Ng5 (37. Ne5 Qb2+ 38.
Kd1 Qb3+ 39. Ke2 Qc2+ 40. Kf1 e3 $19) (37. Ne1 e3+ (37... Ka7 $1 {is even more
devastating.}) 38. Ke2 Qb2+ 39. Kxe3 Qxh2 40. Nf3 Qh3 $17 {, when White will
lose the g-pawn and probably the game as well.} (40... Qxg3 $2 41. Qh8+ Ka7 42.
Qxh5 Qf4+ 43. Kd3 $11)) 37... Qd3+ {I burned up a lot of time to find the
following manouver.} (37... Ka7 38. Qd4+ Bb6 39. Qxe4 Qb2+ 40. Kd3 Qxh2 41. Qf3
$11) 38. Ke1 Qe3+ (38... e3 39. Qh8+ Ka7 (39... Bd8 40. Nf3 e2 41. Nd2) 40.
Qd4+ Qxd4 41. cxd4 Bd6 42. Ke2 Bxb4 43. Kxe3 $11) 39. Kf1 (39. Kd1 Qg1+ $19)
39... Qc1+ $1 {This was the point I had to see on move 37. I seem to be
chasing the king to safety, but a closer look reveals that my e-pawn will be
unstoppable.} 40. Ke2 {Capitulation, but there was already little hope for
White.} (40. Kg2 e3 $1 $19 {, and the e-pawn is far too strong.} (40... Qd2+
41. Kh3 e3 42. Nf3 Qd7+ 43. Kg2 e2 44. Qh8+ Ka7 45. Qd4+ Qxd4 46. cxd4)) 40...
Qc2+ 41. Kf1 e3 0-1

[Event "Interzonal-15"]
[Site "Manila"]
[Date "1990.??.??"]
[Round "12"]
[White "Short, Nigel D"]
[Black "Kortschnoj, Viktor Lvovich"]
[Result "1/2-1/2"]
[WhiteElo "2610"]
[BlackElo "2630"]
[Annotator "ChessBase"]
[PlyCount "50"]
[EventDate "1990.06.29"]
[EventType "swiss"]
[EventRounds "13"]
[EventCountry "PHI"]
[SourceTitle "CBM 019"]
[Source "ChessBase"]
[SourceDate "1990.12.01"]
[SourceVersion "1"]
[SourceVersionDate "1990.12.01"]
[SourceQuality "1"]

1. e4 e6 2. d4 d5 3. Nc3 dxe4 4. Nxe4 Nd7 5. Nf3 Ngf6 6. Nxf6+ Nxf6 7. Bg5 h6
8. Bh4 Be7 9. Bd3 c5 10. Qe2 $5 (10. dxc5) 10... Qa5+ 11. c3 cxd4 12. Nxd4 Bd7
13. O-O Qh5 $10 14. Qxh5 Nxh5 15. Bxe7 Kxe7 16. f4 g6 17. Rae1 Kd6 18. g3 Rhd8
19. Nf3 Nf6 20. Ne5 Be8 21. Rf3 Nd7 22. g4 Nxe5 23. fxe5+ Ke7 24. Kf2 Rac8 25.
h4 g5 1/2-1/2

[Event "BUL-chT"]
[Site "Bankia"]
[Date "1991.??.??"]
[Round "6"]
[White "Spasov, Vasil"]
[Black "Trifunov, Dimitar"]
[Result "1-0"]
[WhiteElo "2550"]
[BlackElo "2425"]
[Annotator "ChessBase"]
[PlyCount "89"]
[EventDate "1991.??.??"]
[EventType "team"]
[EventRounds "8"]
[EventCountry "BUL"]
[SourceTitle "EXT 1998"]
[Source "ChessBase"]
[SourceDate "1997.11.17"]
[SourceVersion "1"]
[SourceVersionDate "1997.11.17"]
[SourceQuality "1"]

1. e4 e6 2. d4 d5 3. Nd2 dxe4 4. Nxe4 Nd7 5. Nf3 Ngf6 6. Nxf6+ Nxf6 7. Bd3 b6
8. O-O (8. Ne5 Bb7 9. Bb5+ c6 $1 10. Qf3 (10. Bxc6+ $2 Bxc6 11. Nxc6 Qd5 12.
Ne5 Qxg2 $17 {Shlehter-Rubinstein1912S.Sebast}) 10... Qd5 11. Qxd5 Nxd5 12.
Bxc6+ Bxc6 13. Nxc6 Rc8 14. Nxa7 Rxc2 $13) 8... Bb7 9. c4 (9. c3 Be7 10. Qe2
O-O 11. Bf4 c5 12. dxc5 bxc5 13. Rfd1 Qb6 14. Ne5 {Keres-Foltys 1952
StavniZdruy}) 9... Be7 (9... c5 $5 10. d5 exd5 (10... Be7 11. dxe6 O-O 12. Bg5
Qd6 13. Re1 Rad8 14. Ne5 Qxe6 15. Qe2 {oO}) 11. Re1+ Be7 12. Qe2) 10. b3 O-O
11. Bb2 Be4 $6 (11... c5 $5) 12. Bxe4 Nxe4 13. Qe2 Nd6 14. Rad1 $14 Bf6 15. Ne5
Nf5 16. Rd3 Qd6 17. Rfd1 $6 Rfd8 (17... Rad8 $1) 18. Qe4 Ne7 19. g3 g6 $2 20.
Qf3 $1 (20. Rf3 Kg7 21. Rxf6 Kxf6 22. d5 Kg7 23. Ng4+ f6 24. Nxf6 Kf7 (24...
Kf8 25. Qf4 $13) 25. dxe6+) 20... Kg7 21. Ng4 Ng8 22. Nxf6 Nxf6 23. Re1 Nd7 24.
Rde3 Re8 25. Qe2 c6 26. d5+ e5 27. Rxe5 $1 {# + -} Rxe5 28. Bxe5+ Nxe5 29.
Qxe5+ Qxe5 30. Rxe5 Kf6 31. f4 Rc8 32. Kf2 b5 33. c5 cxd5 34. Rxd5 Rc6 35. Ke3
Ra6 36. Rd2 Re6+ 37. Kd3 Re1 38. Re2 Rd1+ 39. Kc2 Rd5 40. b4 Rd4 41. Kc3 Rc4+
42. Kb3 Rd4 43. a4 a5 44. bxa5 Rxa4 45. Ra2 1-0

[Event "Cupa Dinamo"]
[Site "Brasov"]
[Date "1998.??.??"]
[Round "9"]
[White "Ardeleanu, Alin"]
[Black "Negulescu, Adrian"]
[Result "0-1"]
[WhiteElo "2420"]
[BlackElo "2445"]
[Annotator "ChessBase"]
[PlyCount "42"]
[EventDate "1998.03.??"]
[EventType "tourn"]
[EventRounds "11"]
[EventCountry "ROU"]
[EventCategory "8"]
[SourceTitle "CBM 063 Extra"]
[Source "ChessBase"]
[SourceDate "1998.04.29"]
[SourceVersion "1"]
[SourceVersionDate "1998.04.29"]
[SourceQuality "1"]

1. e4 e6 2. d4 d5 3. Nd2 dxe4 4. Nxe4 Nd7 5. Nf3 Ngf6 6. Bd3 Nxe4 7. Bxe4 Nf6
8. Bg5 c5 9. O-O cxd4 10. Nxd4 Bc5 11. Nb3 Bd6 12. Bxf6 gxf6 13. Qh5 f5 14.
Bxf5 $4 exf5 15. Rfe1+ Be7 16. Re3 f4 17. Re5 O-O 18. Rd1 Qc7 19. Rg5+ Kh8 20.
Qh6 Rg8 21. Rc5 Qb6 (21... Bxc5 22. Qf6+ Rg7 23. Rd8+) (21... Qb6 22. Qxf4 Bxc5
) 0-1

[Event "Cupa Dinamo"]
[Site "Brasov"]
[Date "1998.??.??"]
[Round "4"]
[White "Nevednichy, Vladislav"]
[Black "Negulescu, Adrian"]
[Result "1/2-1/2"]
[WhiteElo "2550"]
[BlackElo "2445"]
[Annotator "ChessBase"]
[PlyCount "94"]
[EventDate "1998.03.??"]
[EventType "tourn"]
[EventRounds "11"]
[EventCountry "ROU"]
[EventCategory "8"]
[SourceTitle "CBM 063 Extra"]
[Source "ChessBase"]
[SourceDate "1998.04.29"]
[SourceVersion "1"]
[SourceVersionDate "1998.04.29"]
[SourceQuality "1"]

1. e4 e6 2. d4 d5 3. Nc3 dxe4 4. Nxe4 Nd7 5. Bd3 Ngf6 6. Qe2 c5 7. Nxf6+ Nxf6
8. dxc5 Bxc5 9. Bg5 Qa5+ 10. Bd2 Bb4 11. c3 Be7 12. Nf3 O-O 13. O-O Rd8 14. Ne5
Bd7 15. c4 Qb6 16. b4 Qd4 17. Rac1 a5 18. Bc3 Qh4 19. a3 axb4 20. axb4 Be8 21.
f4 b5 22. c5 Nd5 23. Be1 Nxf4 (23... Qh6 $16) 24. Qe4 Qh6 25. Rxf4 f5 26. Qe3
Ra3 27. g3 (27. Bg3 Bf6 28. Ng4 fxg4 29. Bxh7+ Qxh7 30. Qxa3) 27... Bf6 28. c6
(28. Rc3 Bxe5 29. Qxe5 Rxd3) 28... Bxe5 29. Qxe5 Raxd3 30. Qxb5 e5 31. Qxe5
Bxc6 32. Qxf5 R3d7 33. Bc3 Qd6 34. Rcf1 h6 35. Rd4 Qe7 36. Rxd7 Rxd7 37. Re1
Qf7 38. Qe6 Ba4 39. Qxf7+ Kxf7 40. Ra1 Rd1+ 41. Rxd1 Bxd1 42. b5 g6 43. b6 Bf3
44. Kf2 Bb7 45. Ke3 Ke6 46. Kf4 Kd7 47. Ke5 h5 1/2-1/2

[Event "Ciocaltea Memorial"]
[Site "Bucharest"]
[Date "1998.??.??"]
[Round "8"]
[White "Nisipeanu, Liviu Dieter"]
[Black "Ionescu, Constantin"]
[Result "1/2-1/2"]
[WhiteElo "2610"]
[BlackElo "2495"]
[Annotator "ChessBase"]
[PlyCount "35"]
[EventDate "1998.02.??"]
[EventType "tourn"]
[EventRounds "13"]
[EventCountry "ROU"]
[EventCategory "11"]
[SourceTitle "CBM 064"]
[Source "ChessBase"]
[SourceDate "1998.06.02"]
[SourceVersion "1"]
[SourceVersionDate "1998.06.02"]
[SourceQuality "1"]

1. e4 e6 2. d4 d5 3. Nd2 dxe4 4. Nxe4 Bd7 5. Nf3 Bc6 6. Bd3 Nd7 7. O-O Be7 8.
Ne5 Nxe5 9. dxe5 Qd4 $5 (9... Bxe4 10. Bxe4 Qxd1 11. Rxd1 c6 $14) 10. Qg4 Qxe5
11. Bf4 Qxb2 12. Qg3 Bxe4 13. Be5 Qa3 14. Qxg7 Bxd3 15. cxd3 Qxd3 16. Qxh8
O-O-O 17. Rac1 c6 18. Rc3 1/2-1/2

[Event "USA-ch G1"]
[Site "Chandler"]
[Date "1997.08.30"]
[Round "6"]
[White "Benjamin, Joel"]
[Black "Christiansen, Larry Mark"]
[Result "1/2-1/2"]
[WhiteElo "2580"]
[BlackElo "2550"]
[Annotator "ChessBase"]
[PlyCount "41"]
[EventDate "1997.08.23"]
[EventType "tourn"]
[EventRounds "7"]
[EventCountry "USA"]
[EventCategory "12"]
[SourceTitle "CBM 061"]
[Source "ChessBase"]
[SourceDate "1997.11.23"]
[SourceVersion "1"]
[SourceVersionDate "1997.11.23"]
[SourceQuality "1"]

1. e4 e6 2. d4 d5 3. Nd2 dxe4 4. Nxe4 Nd7 5. Nf3 Ngf6 6. Nxf6+ Nxf6 7. Bg5 h6
8. Bh4 c5 9. Bb5+ Bd7 10. Bxd7+ Qxd7 11. Qe2 Be7 12. O-O-O O-O 13. dxc5 Qc6 14.
Ne5 (14. Kb1 Rfd8 $11 15. Rhe1 (15. Ne5 {Anand} Qxc5 16. Bxf6 Bxf6 17. Nd7 Qe7
18. Qb5 (18. Qd3 Rxd7 19. Qxd7 Qb4 $17) 18... a6 $10 19. Qxb7 $140 Rdb8 $19)
15... Qxc5 16. Ne5 Rxd1+ (16... Qb6) (16... Qb4) 17. Rxd1 Rd8 18. Rxd8+ Bxd8
19. Nd3 Qc4 20. Bg3 Nd5 21. a3 Bf6 (21... Be7 $11) 22. Be5 Bxe5 23. Qxe5 Qg4 $4
(23... Qc8 $11) 24. Qb8+ Kh7 25. Qxb7 {1-0 Anand,V-Ivanchuk,V/Linares m 1992/
CBM 31 [Anand] (45)}) 14... Qxc5 $1 (14... Qxg2 $2 {Anand} 15. Nd7 $1 $16 Rfd8
$140 16. Nxf6+ Bxf6 17. Bxf6 Rxd1+ 18. Qxd1 $1 $18) 15. Bxf6 Bxf6 16. Nd7 Bxb2+
(16... Qg5+ {Anand} 17. Kb1 Rfd8) 17. Kxb2 Qb4+ 18. Kc1 Qa3+ 19. Kb1 (19. Kd2
Rfc8 $1 $44 {Anand}) 19... Qb4+ 20. Kc1 Qa3+ {1/2-1/2 Kulaots-Zifroni/
EUchJM-U18 Hania/1994/      Kindermann-Psakhis/Baden-Baden/1992/} 21. Kb1
1/2-1/2

[Event "World Team-ch01"]
[Site "Luzern"]
[Date "1985.11.19"]
[Round "3.5"]
[White "Mestel, A Jonathan"]
[Black "Hecht, Hans Joachim"]
[Result "0-1"]
[WhiteElo "2540"]
[BlackElo "2445"]
[Annotator "ChessBase/Hecht"]
[PlyCount "86"]
[EventDate "1985.11.16"]
[EventType "team-tourn"]
[EventRounds "9"]
[EventCountry "SUI"]
[SourceTitle "EXT 2018"]
[Source "ChessBase"]
[SourceDate "2017.10.13"]
[SourceVersion "1"]
[SourceVersionDate "2017.10.13"]
[SourceQuality "1"]
[WhiteTeam "England"]
[BlackTeam "Germany"]
[WhiteTeamCountry "ENG"]
[BlackTeamCountry "GER"]

1. e4 e6 2. d4 d5 3. Nc3 Nc6 4. Nf3 Nf6 5. Bd3 (5. exd5 exd5 6. Bb5 Bb4 7. Ne5
O-O $5) 5... Bb4 (5... Nb4 $5) 6. e5 (6. Bg5) 6... Ne4 7. Bd2 (7. O-O $6 Nxc3
8. bxc3 Bxc3 9. Rb1 h6 10. Ba3 a5 $5 (10... g5) 11. Bc1 Bb4 12. a3 Be7 13. c4
dxc4 14. Bxc4 a4 15. Bb5 Bd7 16. Bxa4 Na5 $15 {|^<<}) 7... Nxd2 8. Qxd2 Bd7 (
8... Qe7 9. a3 Ba5 10. O-O Bd7 11. b4 Bb6 12. Ne2 a5 13. b5 Na7 $13) (8... f6
9. Bb5 $5 (9. a3 Bxc3 10. bxc3 fxe5 11. dxe5 Qe7 12. O-O Bd7 $15) 9... Bd7 10.
Bxc6 Bxc6 11. O-O-O) 9. a3 Bxc3 10. Qxc3 f6 11. exf6 {N} (11. O-O-O fxe5 12.
dxe5 Qe7 13. h4 $36 {>>}) 11... gxf6 12. O-O-O Qe7 13. Rhe1 O-O-O 14. g3 Qd6
$11 {[#]} 15. Kb1 $6 (15. Bf1 {/\ Bg2, Nh4 ><d5}) (15. Bb5 $5 Nb8 16. Bf1)
15... a6 (15... Rde8 $142 {/\ Nd8-f7, Kb8=}) 16. Bf1 Rhe8 $6 (16... Rde8 $1)
17. Qd2 Kb8 18. Qh6 Bc8 19. Bh3 $14 {[><f6, h7]} Rf8 $1 {[/\ e5 פf3, f2]} 20.
Qh5 $1 Na5 21. Bf1 $6 c5 22. c3 $6 {[><b3, c4]} Bd7 23. Qxh7 e5 $1 $44 {
[#] [/\ cd4, e4, /^b1-h7]} 24. dxe5 $2 (24. dxc5 $142 Qxc5 25. Qc2 $11) 24...
fxe5 25. Rxe5 d4 $1 $17 26. Qh5 $8 Rxf3 27. Rxc5 Nb3 28. Qxf3 Qxc5 29. cxd4
Nxd4 30. Qf4+ Ka7 31. Bd3 Bb5 $1 {[#] [/\ Bd3, Qc2]} 32. Qc1 $2 $138 (32. Qd2
$2 Nf3 33. Qe2 (33. Qc2 Bxd3 34. Rxd3 Qxc2+ 35. Kxc2 Ne1+ $19) 33... Rxd3 34.
Rxd3 Ne5 35. Rc3 Qxc3 $19) (32. Qe3 $8 Re8 33. Qc1 Qxc1+ 34. Kxc1 Ba4 $17)
32... Qxc1+ 33. Kxc1 Ba4 $19 34. Re1 Nb3+ 35. Kc2 Nc5+ 36. Kc3 Nxd3 (36...
Rxd3+ 37. Kc4 Kb6) 37. Re4 Bc6 38. Re2 Rc8 39. Kxd3 Bb5+ 40. Kd2 Bxe2 41. Kxe2
Rc2+ 42. Ke3 Rxb2 43. h4 Rb3+ (43... Rb3+ 44. Kf4 Rxa3 45. h5 Ra1 46. g4 Rh1 {
/\ a5}) 0-1

[Event "RUS-chT 03rd"]
[Site "Kazan"]
[Date "1995.??.??"]
[Round "1"]
[White "Eismont, Oleg"]
[Black "Dokutchaev, Aleksander"]
[Result "0-1"]
[WhiteElo "2450"]
[BlackElo "2420"]
[Annotator "Dolmatov,S"]
[PlyCount "63"]
[EventDate "1995.??.??"]
[EventType "team-tourn"]
[EventRounds "9"]
[EventCountry "RUS"]
[SourceTitle "CBM 051"]
[Source "ChessBase"]
[SourceDate "1996.04.01"]
[SourceVersion "1"]
[SourceVersionDate "1996.04.01"]
[SourceQuality "1"]
[WhiteTeam "Surgut Fakel-Surgutgazprom"]
[BlackTeam "Cherepovets Severstal"]
[WhiteTeamCountry "RUS"]
[BlackTeamCountry "RUS"]

1. e4 e6 2. d4 d5 3. Nd2 dxe4 4. Nxe4 Nd7 5. Nf3 Ngf6 6. Bd3 Nxe4 7. Bxe4 Nf6
8. Bg5 $6 (8. Bd3) 8... Qd6 $6 (8... Be7 9. Bd3 h6 10. Bh4 c5 11. dxc5 Qa5+ $10
) 9. Bxf6 gxf6 10. Qe2 (10. Qd2 $5 f5 (10... Bd7 11. Bxb7 Rb8 12. Be4 Rxb2 13.
O-O Bg7 14. Qc3 Rb6 $14) 11. Bd3 Bd7 12. O-O-O O-O-O 13. Ne5 $16) 10... Bd7 11.
O-O (11. Bxb7 $2 Qb4+ $19) 11... O-O-O 12. Rad1 Bg7 (12... f5 13. Bd3 (13. Ne5
$2 fxe4 14. Nxf7 Qf4 15. Nxh8 Bd6 $17) 13... Bg7) 13. Qe3 (13. d5 $6 f5 (13...
e5 $2 14. Nh4 $16) 14. dxe6 Qxe6 15. Bd3 $15 (15. Ng5 Qg6 $17)) 13... f5 14.
Bd3 Bc6 15. d5 (15. c3 Rhg8 16. Rfe1 Bh6 $40) 15... Qxd5 16. Qxa7 Bd4 $1 17.
Qxd4 (17. Qa8+ Kd7 18. Qa3 Qxf3 $19) 17... Qxf3 18. gxf3 (18. Qxd8+ Rxd8 19.
gxf3 Rg8+ $19) 18... Rxd4 (18... Rhg8+ 19. Qg4 fxg4 (19... Bxf3 $2 20. Qg3) 20.
f4 Rd4 21. Bxh7 Rgd8 $15) 19. Be2 Rf4 20. Rd3 Rg8+ 21. Kh1 Bb5 22. Re3 Bxe2 23.
Rxe2 Rxf3 24. Rd1 $6 $17 (24. Rg1 $5 Rg6 (24... Rxg1+ 25. Kxg1 Kd7 26. Kg2 Rf4
27. f3 $17) (24... Rd8 25. Rg7 $132) 25. Rg3 $17) 24... Rf4 25. h3 Re4 26. Red2
f4 27. Rd3 Re2 28. Ra3 $2 (28. R3d2 Rxd2 29. Rxd2 e5 $17) 28... Kb8 $19 29. Rd4
Re1+ (29... Rxf2 $2 30. Rda4 Rf1+ 31. Kh2 $10) 30. Kh2 Reg1 31. h4 R1g2+ 32.
Kh3 (32. Kh3 Rxf2 33. Rda4 Rg3+ 34. Rxg3 fxg3 35. Kxg3 Rxc2 36. Rf4 f5 $19) (
32. Kh1 R2g4 33. Rh3 Rg1+ $19) 0-1